Films dont le titre commence par un A (1) - Statistiques

Statistiques générales
  • Ce quiz a été pris 19 fois
  • Le résultat moyen est 7 sur 30
Statistiques - réponses
Année Réalisateur Genre
1 acteur ou
1 actrice
Titre % Correct
1979 F. Ford Coppola Guerre Marlon Brando Apocalypse now
78%
1960 J-L Godard Drame Jean-Paul Belmondo A bout de souffle
56%
1964 B. Borderie Historique Michèle Mercier Angélique marquise des anges
56%
1989 J. Cameron Fantastique Ed. Harris Abyss
50%
1984 M. Forman Drame Roderick Cook Amadeus
44%
1977 W. Allen Comédie dramatique Woody Allen Annie Hall
44%
1939 G. Cukor Drame Vivien Leigh Autant en emporte le vent
44%
1983 M. Pialat Comédie dramatique Sandrine Bonnaire A nos amours
39%
1967 Y. Robert Comédie Philippe Noiret Alexandre le Bienheureux
33%
1968 B. Borderie Historique Michèle Mercier Angélique et le Sultan
28%
1995 R. Howard Aventures Tom Hanks Apollo 13
28%
1980 P. Schrader Comédie Richard Gere American gigolo
22%
1966 B. Borderie Historique Michèle Mercier Angélique et le Roy
22%
1957 L. Malle Drame psychologique Jean-Claude Brialy Ascenseur pour l'échafaud
22%
1990 J. McTiernan Espionnage Sean Connery A la poursuite d'octobre rouge
17%
1984 R. Zemeckis Aventures Camillo Garcia A la poursuite du diamant vert
17%
1979 R. Scott Fantastique Eddie Powell Alien le huitième passager
17%
1990 P. Almodovar Comédie dramatique Manuel Bandera Attache-moi
17%
1979 S. Rosenberg Fantastique James Tolkan Amityville la maison du diable
11%
1975 P. Granier-Deferre Policier Lino Ventura Adieu poulet
6%
1927 W. Wellman Guerre Charles Rogers Ailes
6%
1970 G. Seaton Drame Burt Lancaster Airport
6%
1947 R. Rosselini Drame Edmund Meschke Allemagne Année zéro
6%
1983 J-P Mocky Comédie dramatique Michel Serrault A mort l'arbitre
6%
1976 M. Lang Comédie Rémi Laurent A nous les petites Anglaises
6%
1983 R. Enrico Drame Brigitte Fossey Au nom de tous les miens
6%
1993 C. Kaige Drame Yitong Zhi Adieu ma concubine
0%
1931 J. von Sternberg Drame Marlène Dietrich Agent X27
0%
1957 S. Guitry Comédie Pierre-Jean Vaillard Assassins et Voleurs
0%
1980 K. Russel Fantastique William Hurt Au délà du réel
0%
Aucun quiz correspondant
Distribution des résultats
% des personnes avec chaque résultat
Percentile par nombre de réponses
Votre historique - résultats
Vous n’avez pas pris ce quiz